| 000 | 00409nam a2200145Ia 4500 | ||
|---|---|---|---|
| 008 | 200626s9999 xx 000 0 und d | ||
| 020 | _a981-405-735-5 | ||
| 100 | _aMaitland, Iain | ||
| 245 |
_cIain Maitland.-- _aPerfect pr/ |
||
| 260 |
_aLondon: _bInternational Thomson Business Press _c1999 |
||
| 300 | _aix, 154 pages | ||
| 500 | _aIncludes Index | ||
| 650 | _aPublic relations. | ||
| 650 | _aPublicity. | ||
| 999 |
_c363787 _d363787 |
||